| 000 | 00799cab a2200181 4500 | ||
|---|---|---|---|
| 001 | WB2642-12 | ||
| 008 | 090401t1990 xxu||||| |||| 00| 0 eng d | ||
| 035 | _a(Sirsi) u2835 | ||
| 041 | _aeng | ||
| 245 | _aNoise review report published | ||
| 260 | _c1990 | ||
| 350 | _a0 | ||
| 490 |
_aDOE Press Release _v(572) 18 October 1990 (13) |
||
| 520 | _aThe recommendations of the DOE "Report of the Noise Review Working Party 1990" (HMSO £7.20) include a pilot Quiet Neighbourhood scheme , mandatory control for burglar alarms , dealing with neighbourhood noise, measuring vehicle noise in annual MOT tests and building regulations sound insulation requirements to new buildings. An executive summary is attached. | ||
| 690 | _aENVIRONMENTAL AND LAND CONSULTANCY | ||
| 942 | _n0 | ||
| 948 | _c04/03/1997 | ||
| 999 |
_c1705 _d1705 |
||